000 01030nam a2200289 a 4500
001 65990
003 BD-RjUL
005 20211209081505.0
008 170313s1990 enka b 001 0 eng c
020 _a0471926574
035 _a(BD-RjUL)66120
040 _aDNLM/DLC
_cDLC
_dBD-RjUL
_beng
041 _aeng
082 0 0 _a596.048072
_223
_bPRE 1990
245 1 0 _aPreparations of vertebrate central nervous system in vitro /
_cedited by Henrik Jahnsen.
260 _aChichester ;
_aNew York :
_bWiley,
_cc1990.
300 _axiv, 241 p. :
_bill. ;
_c24 cm.
504 _aIncludes bibliographical references and index.
650 0 _aCentral nervous system
_xHistochemistry
_xTechnique.
_9195192
650 0 _aVertebrates
_xHistology.
_9195193
650 0 _aVertebrates
_xNervous system.
_9195194
650 2 _aCentral Nervous System
_xanatomy & histology.
_9195195
650 2 _aVertebrates
_xanatomy & histology.
_9195196
700 1 _aJahnsen, Henrik.
_9195197
942 _2ddc
_cBK
999 _c65990
_d65990